000
00249nam a2200097Ia 4500
001
1224092
005
20250827092919.0
008
250824s9999 xx 000 0 und d
245
0
_a
BROKOLİ SAVAŞLARI
_c
AYÇA ATÇI
260
_b
MARTI ÇOCUK YAYINLARI
999
_c
1224092
_d
1224092